000 01175nam a2200313 a 4500
001 ebr10326845
003 CaPaEBR
006 m u
007 cr cn|||||||||
008 020917s2003 enk sb 001 0 eng
010 _z 2002113233
020 _z0761947590
020 _z0761947582 (pbk.)
040 _aCaPaEBR
_cCaPaEBR
035 _a(OCoLC)669520120
050 1 4 _aBF637.R57
_bT85 2003eb
082 0 4 _a155.9
_222
100 1 _aTulloch, John.
245 1 0 _aRisk and everyday life
_h[electronic resource] /
_cJohn Tulloch and Deborah Lupton.
260 _aLondon ;
_aThousand Oaks :
_bSage Publications,
_c2003.
300 _a140 p.
504 _aIncludes bibliographical references (p. [135]-136) and index.
533 _aElectronic reproduction.
_bPalo Alto, Calif. :
_cebrary,
_d2013.
_nAvailable via World Wide Web.
_nAccess may be limited to ebrary affiliated libraries.
650 0 _aRisk-taking (Psychology)
655 7 _aElectronic books.
_2local
700 1 _aLupton, Deborah.
710 2 _aebrary, Inc.
856 4 0 _uhttp://site.ebrary.com/lib/rucke/Doc?id=10326845
_zAn electronic book accessible through the World Wide Web; click to view
999 _c56109
_d56109